|
|
|
|
| LEADER |
00000nab a2200000 a 4500 |
| 001 |
vtls010064810 |
| 003 |
SK-MaSNL |
| 005 |
20260426085858.0 |
| 008 |
250507c2009 xo |||||||||||000 b|slo |
| 015 |
|
|
|a SNBRB2010/02
|2 snkbucl
|
| 035 |
|
|
|a (uuid)8cd7c398-93e7-45b3-a1a2-e35dcc201422
|
| 035 |
|
|
|a urn:nbn:sk:snk-ab2xej
|
| 035 |
|
|
|a (urnnbn)urn:nbn:sk:snk:ar-a032eo
|
| 038 |
|
|
|a SNKBUCL
|
| 040 |
|
|
|a SNKBUCL
|b slo
|c SNKBUCL
|e AACR2
|
| 041 |
0 |
|
|a slo
|
| 044 |
|
|
|a xo
|c SK
|
| 080 |
|
|
|a 552.6
|x (437.6)
|2 2001
|
| 080 |
|
|
|a 523.681
|2 2001
|
| 100 |
1 |
|
|a Hovorka, Dušan,
|d 1933-
|4 aut
|9 103845
|
| 245 |
1 |
0 |
|a Oravský meteorit
|c Dušan Hovorka
|
| 300 |
|
|
|b Fotogr., sch.
|
| 650 |
0 |
7 |
|a meteority
|2 SNKPH
|9 2410
|
| 650 |
0 |
7 |
|a Magurský meteorit
|2 snkbucl
|9 1488126
|
| 651 |
|
7 |
|a Slovensko
|2 snkbucl
|9 14231
|
| 773 |
0 |
|
|t Quark
|g Roč. XV, č. 8 (2009), s. 26-27
|x 1335-4000
|
| 850 |
|
|
|a Slovenská národná knižnica
|
| 852 |
|
|
|a Slovenská národná knižnica
|
| 954 |
|
|
|a odborná, vedecká literatúra pôvodná (slovenská)
|2 lita
|
| 958 |
|
|
|a article2022
|
| 958 |
|
|
|a SK
|
| 958 |
|
|
|a OND
|
| 958 |
|
|
|a EUIPO
|
| 999 |
|
|
|c 2974621
|d 2976551
|